Statistics for Magic - One Direction (All lyrics)

Click here to take the quiz!

General Stats

  • This quiz has been taken 20 times
  • The average score is 258 of 296

Answer Stats

Lyrics% Correct
and
100%
And
100%
be
100%
I
100%
it
100%
it's
100%
magic
100%
me
100%
you
100%
Baby
93%
baby
93%
can't
93%
Cause
93%
do
93%
don't
93%
got
93%
if
93%
know
93%
no
93%
on
93%
once
93%
that
93%
the
93%
to
93%
when
93%
you're
93%
believe
86%
everything
86%
Everything
86%
is
86%
Kiss
86%
kiss
86%
leave
86%
like
86%
never
86%
now
86%
oh
86%
Oh
86%
So
86%
spell
86%
this
86%
what
86%
you've
86%
all
79%
back
79%
But
79%
gonna
79%
hold
79%
moving
79%
say
79%
They
79%
wanna
79%
we're
79%
around
71%
care
71%
fast
71%
girl
71%
good
71%
let
71%
out
71%
over
71%
together
71%
too
71%
work
71%
bad
64%
everyone
64%
find
64%
looking
64%
put
64%
want
64%
world
64%
my
57%
people
57%
spread
57%
take
57%
them
50%
c'mon
43%
C'mon
43%
pictures
43%
record
43%

Score Distribution

Percentile by Number Answered

Percent of People with Each Score

Your Score History

You have not taken this quiz